header

Financial & managerial accounting / (Record no. 250204)

MARC details
000 -LEADER
fixed length control field 01349cam a22003734a 4500
001 - CONTROL NUMBER
control field 13419510
003 - CONTROL NUMBER IDENTIFIER
control field OSt
005 - DATE AND TIME OF LATEST TRANSACTION
control field 20150930111202.0
008 - FIXED-LENGTH DATA ELEMENTS--GENERAL INFORMATION
fixed length control field 031201s2005 ohua 001 0 eng
010 ## - LIBRARY OF CONGRESS CONTROL NUMBER
LC control number 2003115981
020 ## - INTERNATIONAL STANDARD BOOK NUMBER
International Standard Book Number 0324188013
International Standard Book Number 0324225083 (International ed.)
035 ## - SYSTEM CONTROL NUMBER
System control number (DLC) 2003115981
040 ## - CATALOGING SOURCE
Original cataloging agency DLC
Transcribing agency DLC
Modifying agency DLC
042 ## - AUTHENTICATION CODE
Authentication code pcc
050 00 - LIBRARY OF CONGRESS CALL NUMBER
Classification number HF5635
Item number .W27 2005
100 1# - MAIN ENTRY--PERSONAL NAME
Personal name Warren, Carl S.
245 10 - TITLE STATEMENT
Title Financial & managerial accounting /
Statement of responsibility, etc Carl S. Warren, James M. Reeve, Philip E. Fess.
246 3# - VARYING FORM OF TITLE
Title proper/short title Financial and managerial accounting
250 ## - EDITION STATEMENT
Edition statement 8th ed.
260 ## - PUBLICATION, DISTRIBUTION, ETC. (IMPRINT)
Place of publication, distribution, etc Mason, Ohio :
Name of publisher, distributor, etc Thomson/South-Western,
Date of publication, distribution, etc c2005.
300 ## - PHYSICAL DESCRIPTION
Extent 1 v. (various pagings) :
Other physical details col. ill. ;
Dimensions 29 cm.
500 ## - GENERAL NOTE
General note Includes indexes.
650 #0 - SUBJECT ADDED ENTRY--TOPICAL TERM
Topical term or geographic name as entry element Accounting.
Topical term or geographic name as entry element Managerial accounting.
700 1# - ADDED ENTRY--PERSONAL NAME
Personal name Reeve, James M.,
Dates associated with a name 1953-
Personal name Fess, Philip E.
856 41 - ELECTRONIC LOCATION AND ACCESS
Materials specified Table of contents
Uniform Resource Identifier <a href="http://www.loc.gov/catdir/toc/fy044/2003115981.html">http://www.loc.gov/catdir/toc/fy044/2003115981.html</a>
Materials specified Contributor biographical information
Uniform Resource Identifier <a href="http://www.loc.gov/catdir/enhancements/fy1514/2003115981-b.html">http://www.loc.gov/catdir/enhancements/fy1514/2003115981-b.html</a>
Materials specified Publisher description
Uniform Resource Identifier <a href="http://www.loc.gov/catdir/enhancements/fy1514/2003115981-d.html">http://www.loc.gov/catdir/enhancements/fy1514/2003115981-d.html</a>
906 ## - LOCAL DATA ELEMENT F, LDF (RLIN)
a 7
b cbc
c orignew
d 3
e epcn
f 20
g y-gencatlg
942 ## - ADDED ENTRY ELEMENTS (KOHA)
Source of classification or shelving scheme Library of Congress Classification
Koha item type Long Loan Books
Holdings
Withdrawn status Lost status Source of classification or shelving scheme Damaged status Not for loan Collection code Home library Current library Shelving location Date acquired Total Checkouts Full call number Barcode Date last seen Price effective from Koha item type
    Library of Congress Classification     Non-fiction Rongo University Library Rongo University Library General Stacks 30/09/2015   HF5635 .W27 2005 20154205 30/09/2015 30/09/2015 Long Loan Books
    Library of Congress Classification     Non-fiction Rongo University Library Rongo University Library General Stacks 15/10/2015   HF5635 .W27 2005 20154208 15/10/2015 15/10/2015 Long Loan Books
    Library of Congress Classification     Non-fiction Rongo University Library Rongo University Library General Stacks 27/05/2016   HF5635 .W27 2005 20155903 27/05/2016 27/05/2016 Long Loan Books
    Library of Congress Classification     Non-fiction Rongo University Library Rongo University Library General Stacks 27/02/2017   HF5635 .W27 2005 201614311 27/02/2017 27/02/2017 Long Loan Books
    Library of Congress Classification     Non-fiction Rongo University Library Rongo University Library General Stacks 27/02/2017   HF5635 .W27 2005 201614353 27/02/2017 27/02/2017 Long Loan Books
    Library of Congress Classification     Non-fiction Rongo University Library Rongo University Library General Stacks 02/03/2017   HF5635 .W27 2005 201614758 02/03/2017 02/03/2017 Long Loan Books
    Library of Congress Classification     Non-fiction Rongo University Library Rongo University Library General Stacks 06/03/2017   HF5635 .W27 2005 201615176 06/03/2017 06/03/2017 Long Loan Books
    Library of Congress Classification     Non-fiction Rongo University Library Rongo University Library General Stacks 06/03/2017   HF5635 .W27 2005 201615179 06/03/2017 06/03/2017 Long Loan Books
    Library of Congress Classification     Non-fiction Rongo University Library Rongo University Library General Stacks 09/03/2017   HF5635 .W27 2005 201616123 09/03/2017 09/03/2017 Long Loan Books
    Library of Congress Classification     Non-fiction Rongo University Library Rongo University Library General Stacks 16/03/2017   HF5635 .W27 2005 201614358 16/03/2017 16/03/2017 Long Loan Books
    Library of Congress Classification     Non-fiction Rongo University Library Rongo University Library General Stacks 24/05/2017   HF5635 .W27 2005 201614685 24/05/2017 24/05/2017 Long Loan Books
    Library of Congress Classification     Non-fiction Rongo University Library Rongo University Library General Stacks 24/05/2017   HF5635 .W27 2005 201614690 24/05/2017 24/05/2017 Long Loan Books

© 2026 Rongo University
Contact us: librarian | system librarian | Rongo university